VINCITORI DELLE COPPE DELLE NAZIONALI - Statistics

Statistiche generali
  • Questo quiz è stato fatto 1.239 volte
  • Il punteggio medio è 143 su 195
Statistiche sulle risposte
COMPETIZIONE ANNO VINCITORE % Corretto
MONDIALE 1934 ITALIA
100%
MONDIALE 1938 ITALIA
100%
MONDIALE 1982 ITALIA
100%
MONDIALE 2006 ITALIA
100%
EUROPEI 1968 ITALIA
100%
EUROPEI 2020 ITALIA
100%
MONDIALE 1978 ARGENTINA
99%
MONDIALE 1986 ARGENTINA
99%
MONDIALE 2022 ARGENTINA
99%
COPA AMERICA 1921 ARGENTINA
99%
COPA AMERICA 1925 ARGENTINA
99%
COPA AMERICA 1927 ARGENTINA
99%
COPA AMERICA 1929 ARGENTINA
99%
COPA AMERICA 1937 ARGENTINA
99%
COPA AMERICA 1941 ARGENTINA
99%
COPA AMERICA 1945 ARGENTINA
99%
COPA AMERICA 1946 ARGENTINA
99%
COPA AMERICA 1947 ARGENTINA
99%
COPA AMERICA 1955 ARGENTINA
99%
COPA AMERICA 1957 ARGENTINA
99%
COPA AMERICA 1959 ARGENTINA
99%
COPA AMERICA 1991 ARGENTINA
99%
COPA AMERICA 1993 ARGENTINA
99%
COPA AMERICA 2021 ARGENTINA
99%
MONDIALE 1958 BRASILE
99%
MONDIALE 1962 BRASILE
99%
MONDIALE 1970 BRASILE
99%
MONDIALE 1994 BRASILE
99%
MONDIALE 2002 BRASILE
99%
COPA AMERICA 1919 BRASILE
99%
COPA AMERICA 1922 BRASILE
99%
COPA AMERICA 1949 BRASILE
99%
COPA AMERICA 1989 BRASILE
99%
COPA AMERICA 1997 BRASILE
99%
COPA AMERICA 1999 BRASILE
99%
COPA AMERICA 2004 BRASILE
99%
COPA AMERICA 2007 BRASILE
99%
COPA AMERICA 2019 BRASILE
99%
MONDIALE 1998 FRANCIA
98%
MONDIALE 2018 FRANCIA
98%
EUROPEI 1984 FRANCIA
98%
EUROPEI 2000 FRANCIA
98%
MONDIALE 1954 GERMANIA
98%
MONDIALE 1974 GERMANIA
98%
MONDIALE 1990 GERMANIA
98%
MONDIALE 2014 GERMANIA
98%
EUROPEI 1996 GERMANIA
98%
EUROPEI 1972 GERMANIA OVEST
98%
EUROPEI 1980 GERMANIA OVEST
98%
MONDIALE 2010 SPAGNA
98%
EUROPEI 1964 SPAGNA
98%
EUROPEI 2008 SPAGNA
98%
EUROPEI 2012 SPAGNA
98%
MONDIALE 1930 URUGUAY
97%
MONDIALE 1950 URUGUAY
97%
COPA AMERICA 1916 URUGUAY
97%
COPA AMERICA 1917 URUGUAY
97%
COPA AMERICA 1920 URUGUAY
97%
COPA AMERICA 1923 URUGUAY
97%
COPA AMERICA 1924 URUGUAY
97%
COPA AMERICA 1926 URUGUAY
97%
COPA AMERICA 1935 URUGUAY
97%
COPA AMERICA 1942 URUGUAY
97%
COPA AMERICA 1956 URUGUAY
97%
COPA AMERICA 1959 URUGUAY
97%
COPA AMERICA 1967 URUGUAY
97%
COPA AMERICA 1983 URUGUAY
97%
COPA AMERICA 1987 URUGUAY
97%
COPA AMERICA 1995 URUGUAY
97%
COPA AMERICA 2011 URUGUAY
97%
MONDIALE 1966 INGHILTERRA
93%
EUROPEI 2016 PORTOGALLO
93%
EUROPEI 2004 GRECIA
88%
COPA AMERICA 2015 CILE
87%
COPA AMERICA 2016 CILE
87%
COPPA D'ASIA 1992 GIAPPONE
84%
COPPA D'ASIA 2000 GIAPPONE
84%
COPPA D'ASIA 2004 GIAPPONE
84%
COPPA D'ASIA 2011 GIAPPONE
84%
COPPA NORD AMERICA 1965 MESSICO
83%
COPPA NORD AMERICA 1971 MESSICO
83%
COPPA NORD AMERICA 1977 MESSICO
83%
COPPA NORD AMERICA 1993 MESSICO
83%
COPPA NORD AMERICA 1996 MESSICO
83%
COPPA NORD AMERICA 1998 MESSICO
83%
COPPA NORD AMERICA 2003 MESSICO
83%
COPPA NORD AMERICA 2009 MESSICO
83%
COPPA NORD AMERICA 2011 MESSICO
83%
COPPA NORD AMERICA 2015 MESSICO
83%
COPPA NORD AMERICA 2019 MESSICO
83%
COPPA D'AFRICA 1957 EGITTO
82%
COPPA D'AFRICA 1959 EGITTO
82%
COPPA D'AFRICA 1986 EGITTO
82%
COPPA D'AFRICA 1998 EGITTO
82%
COPPA D'AFRICA 2006 EGITTO
82%
COPPA D'AFRICA 2008 EGITTO
82%
COPPA D'AFRICA 2010 EGITTO
82%
COPA AMERICA 2001 COLOMBIA
81%
COPPA D'ASIA 2015 AUSTRALIA
80%
COPPA D'OCEANIA 1980 AUSTRALIA
80%
COPPA D'OCEANIA 1996 AUSTRALIA
80%
COPPA D'OCEANIA 2000 AUSTRALIA
80%
COPPA D'OCEANIA 2004 AUSTRALIA
80%
COPPA NORD AMERICA 1985 CANADA
80%
COPPA NORD AMERICA 2000 CANADA
80%
COPPA D'AFRICA 2021 SENEGAL
78%
COPPA D'AFRICA 1976 MAROCCO
77%
EUROPEI 1988 OLANDA
77%
COPPA NORD AMERICA 1991 USA
74%
COPPA NORD AMERICA 2002 USA
74%
COPPA NORD AMERICA 2005 USA
74%
COPPA NORD AMERICA 2007 USA
74%
COPPA NORD AMERICA 2013 USA
74%
COPPA NORD AMERICA 2017 USA
74%
COPPA NORD AMERICA 2021 USA
74%
EUROPEI 1992 DANIMARCA
72%
COPPA D'OCEANIA 1973 NUOVA ZELANDA
72%
COPPA D'OCEANIA 1998 NUOVA ZELANDA
72%
COPPA D'OCEANIA 2002 NUOVA ZELANDA
72%
COPPA D'OCEANIA 2008 NUOVA ZELANDA
72%
COPPA D'OCEANIA 2016 NUOVA ZELANDA
72%
COPPA D'AFRICA 1990 ALGERIA
69%
COPPA D'AFRICA 2019 ALGERIA
69%
COPPA D'ASIA 1956 COREA DEL SUD
68%
COPPA D'ASIA 1960 COREA DEL SUD
68%
COPA AMERICA 1953 PARAGUAY
68%
COPA AMERICA 1979 PARAGUAY
68%
COPA AMERICA 1939 PERU
68%
COPA AMERICA 1975 PERU
68%
COPPA D'AFRICA 1980 NIGERIA
67%
COPPA D'AFRICA 1994 NIGERIA
67%
COPPA D'AFRICA 2013 NIGERIA
67%
COPPA D'AFRICA 1996 SUDAFRICA
66%
COPPA D'AFRICA 1992 COSTA D'AVORIO
64%
COPPA D'AFRICA 2015 COSTA D'AVORIO
64%
COPA AMERICA 1963 BOLIVIA
62%
COPPA D'AFRICA 1984 CAMERUN
62%
COPPA D'AFRICA 1988 CAMERUN
62%
COPPA D'AFRICA 2000 CAMERUN
62%
COPPA D'AFRICA 2002 CAMERUN
62%
COPPA D'AFRICA 2017 CAMERUN
62%
EUROPEI 1960 UNIONE SOVIETICA
62%
EUROPEI 1976 CECOSLOVACCHIA
55%
COPPA D'AFRICA 1968 CONGO
54%
COPPA D'AFRICA 1972 CONGO
54%
COPPA DEI CARAIBI 2012 CUBA
54%
COPPA D'AFRICA 1963 GHANA
54%
COPPA D'AFRICA 1965 GHANA
54%
COPPA D'AFRICA 1978 GHANA
54%
COPPA D'AFRICA 1982 GHANA
54%
COPPA D'AFRICA 2004 TUNISIA
53%
COPPA D'ASIA 1984 ARABIA SAUDITA
50%
COPPA D'ASIA 1988 ARABIA SAUDITA
50%
COPPA D'ASIA 1996 ARABIA SAUDITA
50%
COPPA D'ASIA 1968 IRAN
47%
COPPA D'ASIA 1972 IRAN
47%
COPPA D'ASIA 1976 IRAN
47%
COPPA D'ASIA 2019 QATAR
44%
COPPA NORD AMERICA 1963 COSTA RICA
42%
COPPA NORD AMERICA 1969 COSTA RICA
42%
COPPA NORD AMERICA 1989 COSTA RICA
42%
COPPA D'ASIA 2007 IRAQ
42%
COPPA DEI CARAIBI 1991 GIAMAICA
41%
COPPA DEI CARAIBI 1998 GIAMAICA
41%
COPPA DEI CARAIBI 2005 GIAMAICA
41%
COPPA DEI CARAIBI 2008 GIAMAICA
41%
COPPA DEI CARAIBI 2010 GIAMAICA
41%
COPPA DEI CARAIBI 2014 GIAMAICA
41%
COPPA NORD AMERICA 1973 HAITI
39%
COPPA DEI CARAIBI 1979 HAITI
39%
COPPA DEI CARAIBI 2007 HAITI
39%
COPPA NORD AMERICA 1981 HONDURAS
39%
COPPA D'AFRICA 1961 ETIOPIA
34%
COPPA D'AFRICA 1970 SUDAN
32%
COPPA NORD AMERICA 1967 GUATEMALA
30%
COPPA D'AFRICA 2012 ZAMBIA
29%
COPPA D'ASIA 1964 ISRAELE
28%
COPPA DEI CARAIBI 1981 TRINIDAD E TOBAGO
28%
COPPA DEI CARAIBI 1988 TRINIDAD E TOBAGO
28%
COPPA DEI CARAIBI 1989 TRINIDAD E TOBAGO
28%
COPPA DEI CARAIBI 1992 TRINIDAD E TOBAGO
28%
COPPA DEI CARAIBI 1994 TRINIDAD E TOBAGO
28%
COPPA DEI CARAIBI 1995 TRINIDAD E TOBAGO
28%
COPPA DEI CARAIBI 1996 TRINIDAD E TOBAGO
28%
COPPA DEI CARAIBI 1997 TRINIDAD E TOBAGO
28%
COPPA DEI CARAIBI 1999 TRINIDAD E TOBAGO
28%
COPPA DEI CARAIBI 2001 TRINIDAD E TOBAGO
28%
COPPA DEI CARAIBI 1978 SURINAME
16%
COPPA D'AFRICA 1974 ZAIRE
14%
COPPA D'ASIA 1980 KUWAIT
13%
COPPA D'OCEANIA 2012 TAHITI
13%
COPPA DEI CARAIBI 2017 CURACAO
9%
COPPA DEI CARAIBI 1983 MARTINICA
7%
COPPA DEI CARAIBI 1985 MARTINICA
7%
COPPA DEI CARAIBI 1993 MARTINICA
7%
Nessun quiz corrispondente trovato
Distribuzione punteggi
Percentuale di utenti per punteggio
Percentile per numero di risposta
I tuoi punteggi nel tempo
Non hai fatto questo quiz